Treatment Wetlands

Αποθηκεύτηκε σε:
Λεπτομέρειες βιβλιογραφικής εγγραφής
Κύριος συγγραφέας: Kadlec, Robert H.
Άλλοι συγγραφείς: Knight, Robert L.
Μορφή: Βιβλίο
Γλώσσα:English
Δημοσίευση: Boca Raton; New York : CRC Lewis Publishers, c1996
Θέματα:
Ετικέτες: Προσθήκη ετικέτας
Δεν υπάρχουν, Καταχωρήστε ετικέτα πρώτοι!

MARC

LEADER 00000nam a2200000 i 4500
001 1/15981
008 980717s1996 eng d
020 |a 0-87371-930-1 
035 |l 10020033 
040 |a GR-MY-UA  |b gre  |e aacr 
041 0 |a eng 
082 0 |a 628.35 
100 1 |a Kadlec, Robert H. 
245 1 0 |a Treatment Wetlands /  |c Robert H. Kadlec, Robert L. Knight 
260 |a Boca Raton; New York :   |b CRC Lewis Publishers,   |c c1996 
300 |a 893 p.  |b fig. 
504 |a Includes bibliographical references and index 
650 0 0 |a Sewage  |x Purification  |x Biological treatment. 
650 0 0 |a Wetlands. 
700 1 |a Knight, Robert L. 
852 |a INST  |b LESVOS  |e 19980717  |h 628.35 KAD  |p 005100013634  |q 005100013634  |t BK  |y 0 
901 |a BIBL-1998-2 
909 |a Λ  |b 058291 
922 |a 1ΕΛΗ  |b 199806  |c ΚΠΣ/ΤΠ  |d ΠΑΠΑΣΩΤΗΡΙΟΥ 
950 |a 107-1998-04-07